[Event "DEM U12w 2019"]
[Site "Willingen GER"]
[Date "2019.06.13"]
[Round "7"]
[White "Glowiak, Alexandra"]
[Black "Lieberwirth, Nele"]
[Result "0-1"]
[Termination "normal"]
[Board "11"]
[WhiteElo "1439"]
[BlackElo "1385"]
[PlyCount "104"]
[WhiteFideId "16259530"]
[BlackFideId "16259483"]
[EventCountry "GER"]
[EventRounds "9"]
[EventType "swiss"]
[EventDate "2019.06.08"]

1. e4 d5 2. exd5 Nf6 3. Bc4 Nxd5 4. d4 Nb6 5. Bb3 c5 6. c3 cxd4 7. cxd4 Nc6 8.
Ne2 Bg4 9. f3 Bf5 10. Nbc3 e5 11. Be3 Be7 12. O-O O-O 13. a3 Qd6 14. Ne4 Qd7
15. Nc5 Qc7 16. d5 Na5 17. Rc1 Qd6 18. Ne4 Bxe4 19. fxe4 Rac8 20. Rxc8 Rxc8 21.
Ba2 Nac4 22. Bc1 Qc5+ 23. Kh1 Qa5 24. Nc3 Bd6 25. b4 Qa6 26. Qb3 Nd7 27. Re1
Qb6 28. Bb1 Qd4 29. Nb5 Qf2 30. Rg1 Be7 31. Qf3 Bh4 32. Qxf2 Bxf2 33. Rf1 a6
34. Rxf2 axb5 35. g3 Nf6 36. Re2 Nd6 37. Re1 Rc4 38. Bd3 Rd4 39. Re3 Nfxe4 40.
Bb2 Nf2+ 41. Kg2 Rxd3 42. Kxf2 Rxe3 43. Kxe3 Nc4+ 44. Ke4 Nxb2 45. Kxe5 Nc4+
46. Kd4 Nxa3 47. Kc5 Kf8 48. Kb6 Ke7 49. Kxb7 Nc4 50. h3 f5 51. h4 g6 52. d6+
Nxd6+ 0-1

[Event "DEM U12w 2019"]
[Site "Willingen GER"]
[Date "2019.06.13"]
[Round "7"]
[White "Labuda, Annika"]
[Black "Peglau, Dora"]
[Result "1/2-1/2"]
[Termination "normal"]
[Board "12"]
[WhiteElo "1251"]
[BlackElo "1336"]
[PlyCount "61"]
[WhiteFideId "16261453"]
[BlackFideId "16220005"]
[EventCountry "GER"]
[EventRounds "9"]
[EventType "swiss"]
[EventDate "2019.06.08"]

1. e4 c6 2. d4 d5 3. exd5 cxd5 4. Bd3 Nf6 5. c3 Nc6 6. Be3 Bg4 7. f3 Bh5 8. Ne2
e6 9. O-O Bd6 10. Nd2 O-O 11. Qc2 Bg6 12. a3 Qc7 13. h3 Rfc8 14. Rac1 Rab8 15.
Bxg6 hxg6 16. b4 Ne7 17. Qb2 Nf5 18. Bf2 Qd7 19. c4 dxc4 20. Nxc4 Nd5 21. Nxd6
Qxd6 22. g4 Nfe3 23. Bg3 Qd7 24. Bxb8 Nxf1 25. Rxc8+ Qxc8 26. Bxa7 Nfe3 27. Bc5
Qc7 28. b5 Nf4 29. Nxf4 Qxf4 30. Qf2 Nc4 31. Bb4 1/2-1/2

[Event "DEM U12w 2019"]
[Site "Willingen GER"]
[Date "2019.06.13"]
[Round "7"]
[White "Sens, Gerda"]
[Black "Eichhorn, Mathilda Sophie"]
[Result "1/2-1/2"]
[Termination "normal"]
[Board "13"]
[WhiteElo "1018"]
[BlackElo "1452"]
[PlyCount "51"]
[WhiteFideId "16287029"]
[BlackFideId "16242289"]
[EventCountry "GER"]
[EventRounds "9"]
[EventType "swiss"]
[EventDate "2019.06.08"]

1. e4 e6 2. d4 d5 3. Nc3 dxe4 4. Nxe4 Nd7 5. Nf3 Ngf6 6. Bd3 Nxe4 7. Bxe4 Nf6
8. Bd3 c5 9. dxc5 Bxc5 10. O-O O-O 11. Bg5 b6 12. Qe2 Bb7 13. Rad1 Qc7 14. Bxf6
gxf6 15. Be4 Bxe4 16. Qxe4 f5 17. Qe2 Be7 18. Ne5 Bd6 19. Nf3 h6 20. Qd2 Bf4
21. Qd3 Rfd8 22. Qe2 Kh7 23. c3 Rg8 24. g3 Bd6 25. Kh1 Qc6 26. Kg1 1/2-1/2

[Event "DEM U12w 2019"]
[Site "Willingen GER"]
[Date "2019.06.13"]
[Round "7"]
[White "Sohr, Luna"]
[Black "Irrgang, Natascha"]
[Result "1/2-1/2"]
[Termination "normal"]
[Board "14"]
[WhiteElo "1357"]
[BlackElo "1210"]
[PlyCount "107"]
[WhiteFideId "16251261"]
[BlackFideId "16257545"]
[EventCountry "GER"]
[EventRounds "9"]
[EventType "swiss"]
[EventDate "2019.06.08"]

1. d4 Nf6 2. c4 g6 3. Nc3 Bg7 4. e4 d6 5. h3 O-O 6. Nf3 Nbd7 7. Bd3 e5 8. d5 a5
9. Be3 Re8 10. O-O Nh5 11. Ne2 Nhf6 12. g4 Nc5 13. Bxc5 dxc5 14. Kh2 Qd7 15.
Nfg1 Qe7 16. f3 Nd7 17. Ng3 Qh4 18. N1e2 Nf6 19. Qe1 Qh6 20. Qc1 Qh4 21. Qe1
Qh6 22. h4 Qe3 23. Nc1 Qxe1 24. Rxe1 Rd8 25. a4 b6 26. Nge2 Bb7 27. Rg1 Bc8 28.
Rg2 h6 29. Nb3 g5 30. hxg5 hxg5 31. Ng3 Nd7 32. Nf5 Bf6 33. Nh6+ Kg7 34. Nf5+
Kg8 35. Rh1 Nf8 36. Nh6+ Kg7 37. Kg1 Ng6 38. Nf5+ Kf8 39. Rgh2 Ke8 40. Nc1 Kd7
41. Rh7 Rf8 42. Ng7 Nf4 43. R1h6 Be7 44. Nf5 Bd8 45. Rh8 Ng6 46. R8h7 Nf4 47.
Rh8 Ng6 48. R8h7 Nf4 49. Ng7 Ke7 50. Nf5+ Kd7 51. Rg7 Ke8 52. Rgh7 Kd7 53. Ng7
Ke7 54. Nf5+ 1/2-1/2

[Event "DEM U12w 2019"]
[Site "Willingen GER"]
[Date "2019.06.13"]
[Round "7"]
[White "Kosak, Karolina"]
[Black "Stepanjan, Marianne"]
[Result "1-0"]
[Termination "normal"]
[Board "15"]
[WhiteElo "1139"]
[BlackElo "1312"]
[PlyCount "83"]
[WhiteFideId "14640503"]
[BlackFideId "16246110"]
[EventCountry "GER"]
[EventRounds "9"]
[EventType "swiss"]
[EventDate "2019.06.08"]

1. e4 c5 2. Nc3 Nc6 3. f4 e6 4. Nf3 Nf6 5. Bb5 d6 6. Bxc6+ bxc6 7. O-O Be7 8.
d3 O-O 9. Qe1 d5 10. e5 Ne8 11. Qg3 Rb8 12. Rb1 Ba6 13. Qh3 Qb6 14. Kh1 c4 15.
d4 Qc7 16. Ne1 c5 17. Be3 cxd4 18. Bxd4 Bc5 19. Bxc5 Qxc5 20. Rf3 d4 21. Ne4
Qc6 22. Nf2 c3 23. b3 Bc4 24. Rg3 a5 25. Ng4 Kh8 26. Qh4 g6 27. Rh3 h5 28. Qg5
f5 29. Qh6+ Kg8 30. Qxg6+ Ng7 31. Nf6+ Rxf6 32. Qxf6 Rf8 33. Qg6 Kh8 34. Nf3
Bd5 35. Rg3 Qd7 36. Ng5 Ne8 37. Qh6+ Kg8 38. Nh7+ Ng7 39. Nf6+ Rxf6 40. exf6
Kf8 41. Qh8+ Kf7 42. Rxg7+ 1-0

[Event "DEM U12w 2019"]
[Site "Willingen GER"]
[Date "2019.06.13"]
[Round "7"]
[White "Vianden, Ella"]
[Black "Hengst, Sarah"]
[Result "1-0"]
[Termination "normal"]
[Board "16"]
[WhiteElo "1328"]
[BlackElo "958"]
[PlyCount "55"]
[WhiteFideId "16235592"]
[BlackFideId "16286030"]
[EventCountry "GER"]
[EventRounds "9"]
[EventType "swiss"]
[EventDate "2019.06.08"]

1. e4 e5 2. Nf3 Nf6 3. Nxe5 Nxe4 4. Qe2 Qe7 5. Qxe4 d6 6. d4 dxe5 7. dxe5 Nc6
8. Nc3 Nxe5 9. Nd5 Qd6 10. f4 f5 11. Qxe5+ Qxe5+ 12. fxe5 Kd7 13. Bf4 Rb8 14.
O-O-O Ke8 15. Nxc7+ Kf7 16. Bc4+ Kg6 17. e6 h6 18. Rhe1 Kh7 19. e7 Bxe7 20.
Rxe7 b6 21. Ne6 Bxe6 22. Bxe6 Rbe8 23. Bxf5+ Kg8 24. Rxe8+ Kf7 25. Rxh8 Kf6 26.
Rf8+ Ke7 27. Rdd8 g5 28. Bd6# 1-0

[Event "DEM U12w 2019"]
[Site "Willingen GER"]
[Date "2019.06.13"]
[Round "7"]
[White "Müller, Eva"]
[Black "Heuberger, Sandra"]
[Result "1/2-1/2"]
[Termination "normal"]
[Board "17"]
[WhiteElo "1031"]
[BlackElo "1077"]
[PlyCount "45"]
[WhiteFideId "16286995"]
[BlackFideId "16232151"]
[EventCountry "GER"]
[EventRounds "9"]
[EventType "swiss"]
[EventDate "2019.06.08"]

1. e4 e5 2. Nf3 Nc6 3. Bb5 a6 4. Ba4 Nf6 5. d3 d6 6. O-O h6 7. Re1 Be7 8. Nbd2
b5 9. Bb3 O-O 10. Nf1 Re8 11. c3 Bf8 12. h3 Na5 13. Bc2 c5 14. a3 Nc6 15. Ng3
a5 16. Bd2 g6 17. Qc1 Kh7 18. b4 axb4 19. axb4 Rxa1 20. Qxa1 cxb4 21. cxb4 Bg7
22. Qc1 Ng8 23. Bb3 1/2-1/2

[Event "DEM U12w 2019"]
[Site "Willingen GER"]
[Date "2019.06.13"]
[Round "7"]
[White "Wille, Melanie"]
[Black "Leongardt, Adel"]
[Result "1-0"]
[Termination "normal"]
[Board "18"]
[WhiteElo "1083"]
[BlackElo "1179"]
[PlyCount "49"]
[WhiteFideId "16287037"]
[BlackFideId "16256549"]
[EventCountry "GER"]
[EventRounds "9"]
[EventType "swiss"]
[EventDate "2019.06.08"]

1. e4 g6 2. d4 Bg7 3. Nc3 d6 4. Bc4 Nf6 5. Qe2 O-O 6. e5 dxe5 7. dxe5 Nfd7 8.
e6 fxe6 9. Bxe6+ Kh8 10. Nf3 Nc5 11. Bc4 Bg4 12. Be3 Bxf3 13. gxf3 Ncd7 14. Rd1
Qc8 15. Be6 a5 16. h4 a4 17. a3 Nc6 18. Bxd7 Qb8 19. Nd5 Ne5 20. Be6 Nxf3+ 21.
Kf1 Bxb2 22. Nxe7 Bxa3 23. Bd4+ Nxd4 24. Qe5+ Rf6 25. Qxf6# 1-0

[Event "DEM U12w 2019"]
[Site "Willingen GER"]
[Date "2019.06.13"]
[Round "7"]
[White "Scheiding, Sophia"]
[Black "Reddi, Bhuvana"]
[Result "0-1"]
[Termination "normal"]
[Board "20"]
[WhiteElo "1133"]
[BlackElo "1090"]
[PlyCount "94"]
[WhiteFideId "16287010"]
[BlackFideId "16287002"]
[EventCountry "GER"]
[EventRounds "9"]
[EventType "swiss"]
[EventDate "2019.06.08"]

1. e4 e5 2. Nf3 Nc6 3. d4 exd4 4. Bc4 Nf6 5. O-O Bc5 6. e5 d5 7. exf6 dxc4 8.
fxg7 Rg8 9. Bg5 Be7 10. Re1 Be6 11. Bxe7 Kxe7 12. Ng5 Qd5 13. Nxe6 fxe6 14. Nc3
Qg5 15. Ne4 Qg6 16. c3 dxc3 17. Nc5 Rad8 18. Qa4 Rd6 19. bxc3 Rxg7 20. g3 e5
21. Rad1 Rxd1 22. Qxd1 Ke8 23. Qd5 Re7 24. Qxc4 h5 25. Nxb7 e4 26. Nc5 Ne5 27.
Qb5+ Kf7 28. Qb3+ Kf8 29. Rxe4 Nf3+ 30. Kg2 Nd2 31. Qb8+ Re8 32. Nd7+ Kg7 33.
Rxe8 Qc6+ 34. Re4 {Weiss machte mit dem Turm zuvor einen regelwidrigen Zug}
34... Qxe4+ 35. Kh3 Qg4+ 36. Kg2 Qxd7 37. Qb2 Qd5+ 38. Kg1 Nf3+ 39. Kf1 Nxh2+
40. Kg1 Nf3+ 41. Kf1 Nd2+ 42. Kg1 Nc4 43. Qb3 Kf6 44. a3 Kf5 45. Qb1+ Kg4 46.
Qg6+ Kh3 47. Kf1 Qd1# 0-1

[Event "DEM U12w 2019"]
[Site "Willingen GER"]
[Date "2019.06.14"]
[Round "8"]
[White "Keymer, Cecilia"]
[Black "Zhou, Lepu Coco"]
[Result "0-1"]
[Termination "normal"]
[Board "1"]
[WhiteElo "1511"]
[BlackElo "1724"]
[WhiteClock "00:10:17"]
[BlackClock "00:59:27"]
[PlyCount "114"]
[WhiteFideId "16233468"]
[BlackFideId "16217136"]
[EventCountry "GER"]
[EventRounds "9"]
[EventType "swiss"]
[EventDate "2019.06.08"]

1. d4 {[%clk 1:30:59]} 1... Nf6 {[%clk 1:30:54]} 2. Nf3 {[%clk 1:31:25]} 2...
g6 {[%clk 1:31:16]} 3. g3 {[%clk 1:31:50]} 3... Bg7 {[%clk 1:31:40]} 4. Bg2 {
[%clk 1:32:12]} 4... O-O {[%clk 1:32:00]} 5. b3 {[%clk 1:32:26]} 5... d6 {
[%clk 1:31:53]} 6. Bb2 {[%clk 1:32:44]} 6... Nbd7 {[%clk 1:31:40]} 7. O-O {
[%clk 1:25:29]} 7... c5 {[%clk 1:29:27]} 8. c4 {[%clk 1:24:41]} 8... cxd4 {
[%clk 1:29:12]} 9. Nxd4 {[%clk 1:24:02]} 9... Rb8 {[%clk 1:22:22]} 10. Nc3 {
[%clk 1:22:11]} 10... a6 {[%clk 1:22:01]} 11. e3 {[%clk 1:18:41]} 11... Qc7 {
[%clk 1:19:22]} 12. Qe2 {[%clk 1:16:02]} 12... Nc5 {[%clk 1:16:17]} 13. h3 {
[%clk 1:11:02]} 13... Bd7 {[%clk 1:11:38]} 14. Rac1 {[%clk 1:06:59]} 14... e5 {
[%clk 1:06:07]} 15. Nc2 {[%clk 1:01:23]} 15... Bc6 {[%clk 1:06:21]} 16. Nb4 {
[%clk 0:56:33]} 16... Bxg2 {[%clk 1:03:59]} 17. Kxg2 {[%clk 0:56:21]} 17...
Nce4 {[%clk 0:59:59]} 18. Ncd5 {[%clk 0:50:58]} 18... Qd7 {[%clk 0:59:40]} 19.
Nxf6+ {[%clk 0:44:57]} 19... Nxf6 {[%clk 1:00:00]} 20. Rfd1 {[%clk 0:44:03]}
20... a5 {[%clk 0:55:42]} 21. Nd5 {[%clk 0:40:48]} 21... Nxd5 {[%clk 0:55:47]}
22. Rxd5 {[%clk 0:38:16]} 22... Qc6 {[%clk 0:55:02]} 23. Kh2 {[%clk 0:33:19]}
23... Rfd8 {[%clk 0:52:06]} 24. Rcd1 {[%clk 0:30:50]} 24... a4 {[%clk 0:46:50]}
25. c5 {[%clk 0:26:34]} 25... axb3 {[%clk 0:45:25]} 26. axb3 {[%clk 0:25:46]}
26... f6 {[%clk 0:43:24]} 27. cxd6 {[%clk 0:17:35]} 27... Rd7 {[%clk 0:42:43]}
28. Qc4 {[%clk 0:14:52]} 28... Qxc4 {[%clk 0:41:25]} 29. bxc4 {[%clk 0:15:11]}
29... b6 {[%clk 0:41:46]} 30. Kg2 {[%clk 0:11:37]} 30... Bf8 {[%clk 0:41:52]}
31. Ba3 {[%clk 0:10:42]} 31... Rc8 {[%clk 0:42:09]} 32. c5 {[%clk 0:09:38]}
32... bxc5 {[%clk 0:42:28]} 33. Bxc5 {[%clk 0:08:31]} 33... Kf7 {[%clk 0:42:25]
} 34. Kf3 {[%clk 0:07:32]} 34... Ke6 {[%clk 0:40:29]} 35. g4 {[%clk 0:05:33]}
35... Rcd8 {[%clk 0:40:04]} 36. Bb6 {[%clk 0:04:44]} 36... Ra8 {[%clk 0:39:05]}
37. Bc7 {[%clk 0:04:11]} 37... Ra4 {[%clk 0:38:05]} 38. Kg3 {[%clk 0:03:22]}
38... Ra3 {[%clk 0:36:00]} 39. Kg2 {[%clk 0:02:06]} 39... Ra6 {[%clk 0:33:28]}
40. Kf3 {[%clk 0:01:25]} 40... Bxd6 {[%clk 0:32:39]} 41. Bxd6 {[%clk 0:27:48]}
41... Raxd6 {[%clk 1:02:58]} 42. Rxd6+ {[%clk 0:25:21]} 42... Rxd6 { [%clk
1:03:13]} 43. Rxd6+ {[%clk 0:22:24]} 43... Kxd6 {[%clk 1:03:37]} 44. Ke4 {[%clk
0:20:05]} 44... Ke6 {[%clk 1:04:01]} 45. f4 {[%clk 0:17:20]} 45... f5+ { [%clk
1:04:25]} 46. gxf5+ {[%clk 0:15:37]} 46... gxf5+ {[%clk 1:04:46]} 47. Kf3
{[%clk 0:12:40]} 47... e4+ {[%clk 1:05:09]} 48. Kg3 {[%clk 0:11:55]} 48... Kd5
{[%clk 0:59:22]} 49. Kh4 {[%clk 0:11:49]} 49... Kc4 {[%clk 0:59:46]} 50. Kg5 {
[%clk 0:11:58]} 50... Kd3 {[%clk 1:00:08]} 51. Kxf5 {[%clk 0:12:12]} 51... Kxe3
{[%clk 1:00:30]} 52. Kg5 {[%clk 0:11:01]} 52... h6+ {[%clk 1:00:20]} 53. Kg4 {
[%clk 0:10:14]} 53... Kd4 {[%clk 0:57:51]} 54. f5 {[%clk 0:09:52]} 54... e3 {
[%clk 0:58:15]} 55. f6 {[%clk 0:10:01]} 55... e2 {[%clk 0:58:40]} 56. f7 {
[%clk 0:10:06]} 56... e1=Q {[%clk 0:59:03]} 57. f8=Q {[%clk 0:10:17]} 57...
Qg1+ {[%clk 0:59:27]} 0-1

[Event "DEM U12w 2019"]
[Site "Willingen GER"]
[Date "2019.06.14"]
[Round "8"]
[White "Pohle, Saskia"]
[Black "Sereda, Yaroslava"]
[Result "0-1"]
[Termination "normal"]
[Board "3"]
[WhiteElo "1819"]
[BlackElo "1626"]
[WhiteClock "01:12:58"]
[BlackClock "00:02:06"]
[PlyCount "128"]
[WhiteFideId "16201604"]
[BlackFideId "14178940"]
[EventCountry "GER"]
[EventRounds "9"]
[EventType "swiss"]
[EventDate "2019.06.08"]

1. e4 {[%clk 1:30:59]} 1... c5 {[%clk 1:30:44]} 2. Nf3 {[%clk 1:31:22]} 2...
Nc6 {[%clk 1:31:08]} 3. d4 {[%clk 1:31:47]} 3... cxd4 {[%clk 1:31:32]} 4. Nxd4
{[%clk 1:32:08]} 4... g6 {[%clk 1:31:53]} 5. Nxc6 {[%clk 1:32:32]} 5... bxc6 {
[%clk 1:23:13]} 6. Qd4 {[%clk 1:32:51]} 6... Nf6 {[%clk 1:19:14]} 7. e5 { [%clk
1:33:13]} 7... Nd5 {[%clk 1:13:56]} 8. Nc3 {[%clk 1:33:35]} 8... Nxc3 { [%clk
1:13:12]} 9. e6 {[%clk 1:33:54]} 9... f6 {[%clk 1:02:40]} 10. exd7+ { [%clk
1:34:19]} 10... Bxd7 {[%clk 1:02:43]} 11. Qxc3 {[%clk 1:34:43]} 11... Qc8
{[%clk 0:55:40]} 12. Bc4 {[%clk 1:32:43]} 12... Be6 {[%clk 0:48:33]} 13. Bf4 {
[%clk 1:31:46]} 13... Bxc4 {[%clk 0:44:57]} 14. Qxc4 {[%clk 1:32:04]} 14... Qb7
{[%clk 0:22:39]} 15. O-O-O {[%clk 1:27:20]} 15... e5 {[%clk 0:17:52]} 16. Qe6+
{[%clk 1:26:28]} 16... Be7 {[%clk 0:18:00]} 17. Bh6 {[%clk 1:25:30]} 17... Qc8
{[%clk 0:17:47]} 18. Qc4 {[%clk 1:24:19]} 18... Bf8 {[%clk 0:17:06]} 19. Bxf8 {
[%clk 1:23:27]} 19... Rxf8 {[%clk 0:16:27]} 20. Rd6 {[%clk 1:21:55]} 20... Rf7
{[%clk 0:11:54]} 21. Rxc6 {[%clk 1:21:01]} 21... Qf5 {[%clk 0:11:06]} 22. Re6+
{[%clk 1:19:09]} 22... Kf8 {[%clk 0:10:12]} 23. Rd1 {[%clk 1:13:19]} 23... Qxf2
{[%clk 0:06:41]} 24. Qc6 {[%clk 1:13:14]} 24... Qf4+ {[%clk 0:01:40]} 25. Kb1 {
[%clk 1:13:36]} 25... Qg4 {[%clk 0:01:02]} 26. Qxa8+ {[%clk 1:13:58]} 26... Kg7
{[%clk 0:01:27]} 27. Qf3 {[%clk 1:14:11]} 27... Qxe6 {[%clk 0:01:46]} 28. c4 {
[%clk 1:13:34]} 28... Qxc4 {[%clk 0:01:18]} 29. Qd5 {[%clk 1:13:39]} 29... Qxd5
{[%clk 0:01:25]} 30. Rxd5 {[%clk 1:14:04]} 30... Rc7 {[%clk 0:01:37]} 31. b4 {
[%clk 1:13:42]} 31... Rb7 {[%clk 0:01:41]} 32. a3 {[%clk 1:11:31]} 32... Kf7 {
[%clk 0:01:56]} 33. Kc2 {[%clk 1:11:35]} 33... Ke6 {[%clk 0:02:09]} 34. Rc5 {
[%clk 1:11:05]} 34... f5 {[%clk 0:01:56]} 35. Kd3 {[%clk 1:11:18]} 35... Kd6 {
[%clk 0:01:20]} 36. h3 {[%clk 1:08:12]} 36... a6 {[%clk 0:00:51]} 37. Ra5 {
[%clk 1:06:31]} 37... Rb6 {[%clk 0:00:59]} 38. Ke3 {[%clk 1:06:00]} 38... Rc6 {
[%clk 0:00:50]} 39. Kd3 {[%clk 1:06:05]} 39... Ke6 {[%clk 0:00:50]} 40. b5 {
[%clk 1:04:27]} 40... axb5 {[%clk 0:01:01]} 41. Rxb5 {[%clk 1:04:51]} 41... Ra6
{[%clk 0:28:57]} 42. Rb3 {[%clk 1:35:43]} 42... Ra4 {[%clk 0:27:25]} 43. Rb6+ {
[%clk 1:33:32]} 43... Kf7 {[%clk 0:27:07]} 44. Rb7+ {[%clk 1:33:04]} 44... Kg8
{[%clk 0:27:22]} 45. Rb8+ {[%clk 1:33:04]} 45... Kg7 {[%clk 0:27:43]} 46. Rb3 {
[%clk 1:33:13]} 46... e4+ {[%clk 0:22:09]} 47. Ke3 {[%clk 1:33:09]} 47... g5 {
[%clk 0:13:36]} 48. g3 {[%clk 1:33:08]} 48... h6 {[%clk 0:10:18]} 49. Rc3 {
[%clk 1:28:34]} 49... Kf7 {[%clk 0:09:01]} 50. Rb3 {[%clk 1:28:17]} 50... Ke7 {
[%clk 0:08:40]} 51. Rb7+ {[%clk 1:22:06]} 51... Kd8 {[%clk 0:08:44]} 52. Rb3 {
[%clk 1:21:21]} 52... Kc7 {[%clk 0:08:57]} 53. Rc3+ {[%clk 1:21:15]} 53... Kd6
{[%clk 0:09:11]} 54. Rb3 {[%clk 1:21:20]} 54... Kc5 {[%clk 0:09:08]} 55. Rc3+ {
[%clk 1:21:42]} 55... Kd5 {[%clk 0:09:16]} 56. h4 {[%clk 1:21:13]} 56... Ra5 {
[%clk 0:08:17]} 57. h5 {[%clk 1:19:16]} 57... Ke5 {[%clk 0:03:55]} 58. Rb3 {
[%clk 1:16:39]} 58... f4+ {[%clk 0:03:52]} 59. gxf4+ {[%clk 1:16:58]} 59...
gxf4+ {[%clk 0:04:17]} 60. Ke2 {[%clk 1:17:09]} 60... Kf5 {[%clk 0:03:17]} 61.
Kf2 {[%clk 1:15:33]} 61... Kg4 {[%clk 0:02:53]} 62. Rb4 {[%clk 1:13:18]} 62...
e3+ {[%clk 0:03:03]} 63. Ke2 {[%clk 1:13:37]} 63... Rxa3 {[%clk 0:02:10]} 64.
Rc4 {[%clk 1:12:58]} 64... Kg3 {[%clk 0:02:06]} 0-1

[Event "DEM U12w 2019"]
[Site "Willingen GER"]
[Date "2019.06.14"]
[Round "8"]
[White "Peglau, Charis"]
[Black "Ding, Tina"]
[Result "1/2-1/2"]
[Termination "normal"]
[Board "4"]
[WhiteElo "1514"]
[BlackElo "1180"]
[WhiteClock "00:18:57"]
[BlackClock "00:25:38"]
[PlyCount "86"]
[WhiteFideId "16219996"]
[BlackFideId "16286987"]
[EventCountry "GER"]
[EventRounds "9"]
[EventType "swiss"]
[EventDate "2019.06.08"]

1. e4 {[%clk 1:30:58]} 1... c5 {[%clk 1:30:51]} 2. Nf3 {[%clk 1:31:23]} 2...
Nc6 {[%clk 1:31:07]} 3. d4 {[%clk 1:31:45]} 3... cxd4 {[%clk 1:31:16]} 4. Nxd4
{[%clk 1:32:10]} 4... g6 {[%clk 1:31:33]} 5. c4 {[%clk 1:31:54]} 5... Bg7 {
[%clk 1:31:09]} 6. Be3 {[%clk 1:32:15]} 6... e6 {[%clk 1:30:18]} 7. Nc3 { [%clk
1:32:18]} 7... Nge7 {[%clk 1:29:17]} 8. Qd2 {[%clk 1:31:10]} 8... O-O { [%clk
1:27:29]} 9. Be2 {[%clk 1:30:21]} 9... Re8 {[%clk 1:26:59]} 10. O-O { [%clk
1:29:33]} 10... d5 {[%clk 1:26:07]} 11. Nxc6 {[%clk 1:28:46]} 11... bxc6 {[%clk
1:24:18]} 12. Rfd1 {[%clk 1:27:37]} 12... Bb7 {[%clk 1:22:29]} 13. cxd5 {[%clk
1:27:29]} 13... cxd5 {[%clk 1:21:43]} 14. Bb5 {[%clk 1:27:19]} 14... Rf8 {[%clk
1:18:18]} 15. exd5 {[%clk 1:26:12]} 15... Nxd5 {[%clk 1:16:07]} 16. Nxd5 {[%clk
1:25:46]} 16... Bxd5 {[%clk 1:14:53]} 17. Bc5 {[%clk 1:24:08]} 17... Rb8 {[%clk
1:10:20]} 18. Bxf8 {[%clk 1:22:32]} 18... Qxf8 19. a4 {[%clk 1:19:10]} 19...
Qd8 {[%clk 1:01:37]} 20. Rab1 {[%clk 1:16:16]} 20... Qh4 {[%clk 0:56:49]} 21.
Qe3 {[%clk 1:14:17]} 21... Rb6 {[%clk 0:54:28]} 22. b4 {[%clk 1:08:13]} 22...
h5 {[%clk 0:51:10]} 23. Qg3 {[%clk 1:06:37]} 23... Qe7 {[%clk 0:49:48]} 24.
Rdc1 {[%clk 0:58:20]} 24... a6 {[%clk 0:48:53]} 25. Rc7 {[%clk 0:51:52]} 25...
Qf8 {[%clk 0:47:56]} 26. Bd7 {[%clk 0:47:24]} 26... Rxb4 {[%clk 0:46:02]} 27.
Rbc1 {[%clk 0:46:47]} 27... Kh7 {[%clk 0:45:37]} 28. h3 {[%clk 0:44:23]} 28...
Re4 {[%clk 0:43:18]} 29. Qd3 {[%clk 0:40:41]} 29... Be5 {[%clk 0:41:17]} 30.
R7c2 {[%clk 0:31:28]} 30... Rd4 {[%clk 0:39:20]} 31. Qxa6 {[%clk 0:29:58]}
31... Qb4 {[%clk 0:37:31]} 32. Qb5 {[%clk 0:27:53]} 32... Qa3 {[%clk 0:36:16]}
33. Qc5 {[%clk 0:25:59]} 33... Qd3 {[%clk 0:34:33]} 34. Bb5 {[%clk 0:25:20]}
34... Qe4 {[%clk 0:32:45]} 35. f3 {[%clk 0:18:05]} 35... Qe3+ {[%clk 0:30:16]}
36. Kf1 {[%clk 0:17:05]} 36... Bxf3 {[%clk 0:26:03]} 37. gxf3 {[%clk 0:17:21]}
37... Qxf3+ {[%clk 0:25:53]} 38. Rf2 {[%clk 0:17:20]} 38... Qh1+ { [%clk
0:24:45]} 39. Ke2 {[%clk 0:17:27]} 39... Qe4+ {[%clk 0:25:00]} 40. Kf1 { [%clk
0:17:40]} 40... Qh1+ {[%clk 0:24:48]} 41. Ke2 {[%clk 0:18:06]} 41... Qe4+
{[%clk 0:25:14]} 42. Kf1 {[%clk 0:18:30]} 42... Qh1+ {[%clk 0:25:38]} 43. Ke2 {
[%clk 0:18:57]} 43... Qe4+ 1/2-1/2

[Event "DEM U12w 2019"]
[Site "Willingen GER"]
[Date "2019.06.14"]
[Round "8"]
[White "Fischer, Darja"]
[Black "Adelmeyer, Nelly"]
[Result "1/2-1/2"]
[Termination "normal"]
[Board "5"]
[WhiteElo "1480"]
[BlackElo "1420"]
[WhiteClock "00:23:44"]
[BlackClock "00:18:13"]
[PlyCount "72"]
[WhiteFideId "16240898"]
[BlackFideId "16203577"]
[EventCountry "GER"]
[EventRounds "9"]
[EventType "swiss"]
[EventDate "2019.06.08"]

1. e4 {[%clk 1:30:59]} 1... c5 {[%clk 1:30:55]} 2. Nf3 {[%clk 1:31:21]} 2...
Nc6 {[%clk 1:31:20]} 3. d4 {[%clk 1:31:38]} 3... cxd4 {[%clk 1:31:45]} 4. Nxd4
{[%clk 1:32:00]} 4... Nf6 {[%clk 1:32:02]} 5. Nc3 {[%clk 1:31:51]} 5... Qb6 {
[%clk 1:31:47]} 6. Nb3 {[%clk 1:31:14]} 6... e6 {[%clk 1:31:20]} 7. a3 { [%clk
1:25:27]} 7... Be7 {[%clk 1:22:04]} 8. Be2 {[%clk 1:23:52]} 8... O-O { [%clk
1:22:12]} 9. O-O {[%clk 1:23:49]} 9... Rd8 {[%clk 1:20:04]} 10. Be3 { [%clk
1:22:12]} 10... Qc7 {[%clk 1:20:11]} 11. f4 {[%clk 1:21:17]} 11... d5 { [%clk
1:18:53]} 12. e5 {[%clk 1:20:41]} 12... Nd7 {[%clk 1:16:25]} 13. Qe1 { [%clk
1:19:48]} 13... f6 {[%clk 1:14:09]} 14. exf6 {[%clk 1:18:27]} 14... Nxf6 {[%clk
1:14:27]} 15. Rd1 {[%clk 1:18:10]} 15... a6 {[%clk 1:02:09]} 16. Qg3 { [%clk
1:12:49]} 16... Na5 {[%clk 1:00:51]} 17. Nxa5 {[%clk 1:10:20]} 17... Qxa5
{[%clk 1:01:09]} 18. Bd4 {[%clk 1:09:36]} 18... Bc5 {[%clk 1:00:09]} 19. Kh1 {
[%clk 1:08:14]} 19... Bxd4 {[%clk 0:59:46]} 20. Rxd4 {[%clk 1:08:39]} 20... Qc5
{[%clk 0:58:39]} 21. Qe3 {[%clk 1:05:26]} 21... b5 {[%clk 0:53:48]} 22. Rf3 {
[%clk 0:56:54]} 22... Ng4 {[%clk 0:47:47]} 23. Qd3 {[%clk 0:52:05]} 23... Bb7 {
[%clk 0:44:19]} 24. Qd2 {[%clk 0:47:41]} 24... Rac8 {[%clk 0:39:13]} 25. Kg1 {
[%clk 0:39:34]} 25... e5 {[%clk 0:36:40]} 26. fxe5 {[%clk 0:37:47]} 26... Nxe5
{[%clk 0:36:32]} 27. Rf2 {[%clk 0:37:23]} 27... Rf8 {[%clk 0:35:08]} 28. Rxf8+
{[%clk 0:33:38]} 28... Rxf8 {[%clk 0:35:31]} 29. Kh1 {[%clk 0:31:54]} 29... Nc4
{[%clk 0:27:45]} 30. Bxc4 {[%clk 0:29:38]} 30... dxc4 {[%clk 0:27:32]} 31. Rf4
{[%clk 0:25:31]} 31... Bxg2+ {[%clk 0:16:31]} 32. Kxg2 {[%clk 0:25:46]} 32...
Qg5+ {[%clk 0:16:57]} 33. Kf3 {[%clk 0:25:53]} 33... Qh5+ {[%clk 0:17:22]} 34.
Kg2 {[%clk 0:25:37]} 34... Qg5+ {[%clk 0:17:47]} 35. Kf3 {[%clk 0:26:01]} 35...
Qh5+ {[%clk 0:18:13]} 36. Kg3 {[%clk 0:23:44]} 36... Qg5+ 1/2-1/2